_Effective Approaches for Managing Electronic Records and Archives Bruce W. Dearstyne (Record no. 8587)
[ view plain ]
| 000 -LEADER | |
|---|---|
| fixed length control field | 00461nam a2200145Ia 4500 |
| 008 - FIXED-LENGTH DATA ELEMENTS--GENERAL INFORMATION | |
| fixed length control field | 151021s9999 xx 000 0 und d |
| 020 ## - INTERNATIONAL STANDARD BOOK NUMBER | |
| International Standard Book Number | 9.7808108574e+012 |
| 050 ## - LIBRARY OF CONGRESS CALL NUMBER | |
| Classification number | CD 974.4 .E38 2002 |
| 245 ## - TITLE STATEMENT | |
| Title | _Effective Approaches for Managing Electronic Records and Archives Bruce W. Dearstyne |
| 260 ## - PUBLICATION, DISTRIBUTION, ETC. (IMPRINT) | |
| Place of publication, distribution, etc. | Maryland Scarecrow 2002 |
| 300 ## - PHYSICAL DESCRIPTION | |
| Extent | ix,167p,;ill |
| 500 ## - GENERAL NOTE | |
| General note | Includes index |
| 650 ## - SUBJECT ADDED ENTRY--TOPICAL TERM | |
| Topical term or geographic name as entry element | _Electronic records |
| 980 ## - EQUIVALENCE OR CROSS-REFERENCE-SERIES STATEMENT--PERSONAL NAME/TITLE [LOCAL, CANADA] | |
| Personal name | ^d20120119 04:41:40^oanne |
No items available.